000 00912nam a2200229 i 4500
001 bg
245 0 0 _aInformator dla kandydatów na I rok studiów Wydziału Budownictwa i Inżynierii Środowiska w roku akademickim 2002/2003 /
_cPolitechnika Koszalińska.
260 _aKoszalin :
_bWydaw. Uczelniane PK,
_c2000.
300 _a123 s. :
_brys. ;
_c21 cm.
650 9 _aBudownictwo
_xszkolnictwo wyższe
_zPolska
650 9 _aInżynieria Środowiska
_xszkolnictwo wyższe
_zPolska
651 9 _aKoszalin (woj. zachodniopomorskie)
_xPolitechnika
_xWydział Budownictwa i Inżynierii Środowiska
655 _aInformatory
710 0 _aPolitechnika Koszalińska
_bWydział Budownictwa i Inżynierii Środowiska
020 _a8388283871
040 _cBPK
041 0 _apl
080 _a378.662.096:624+628.1/.8](438)"20"
920 _a83-88283-87-1
942 _cKS
008 s pl f |000 0 pol
999 _c40980
_d40980
856 _uhttp://koha.tu.koszalin.pl/cgi-bin/koha/opac-detail.pl?biblionumber=40980
_yKatalog online BPK